Statistics for Best Scarface Quotes Quiz

Click here to take the quiz!

General Stats

  • This quiz has been taken 844 times
  • The average score is 7 of 11

Answer Stats

CharacterQuoteAnswer% Correct
Tony MontanaSay hello to my little ______!friend
99%
Tony MontanaI always tell the truth. Even when I ___lie
94%
Tony MontanaIn this country, you gotta make the money first. Then when you get the money, you get the power. Then when you get the power, then you get the _____women
82%
FrankLesson number two: Don't get ____ on your own supplyhigh
81%
Tony MontanaAll I have in this world is my balls and my ____ and I don't break them for no oneword
69%
BernsteinEvery day above ______ is a good dayground
65%
Tony MontanaI bury those ___________!cockroaches
60%
Tony MontanaWho put this thing ________? Me, that's who! Who do I trust? Me!together
58%
Tony MontanaThere's nothing you can do to me that ______ has not already doneCastro
47%
FrankLesson number one: Don't underestimate the other guy's _____!greed
40%
ElviraNothing exceeds like ______excess
27%

Score Distribution

Percentile by Number Answered

Percent of People with Each Score

Your Score History

You have not taken this quiz